书目信息 |
| 题名: |
林风眠
|
|
| 作者: | 郎绍君 著 | |
| 分册: | ||
| 出版信息: | 石家庄 河北教育出版社 2002 |
|
| 页数: | 250页 | |
| 开本: | 21cm | |
| 丛书名: | 中国名画家全集 | |
| 单 册: | ||
| 中图分类: | J203 | |
| 科图分类: | ||
| 主题词: | 画家--艺术实践 | |
| 电子资源: | ||
| ISBN: | 7-5434-4605-7 | |
| 000 | 00941oam2 2200301 450 | |
| 001 | 05002237237 | |
| 005 | 20051222172018.50 | |
| 010 | @a7-5434-4605-7@dCNY58.00 | |
| 092 | @aCN | |
| 100 | @a20050623d2002 ekmy0chiy0120 ea | |
| 101 | 0 | @achi |
| 102 | @aCN@b130000 | |
| 105 | @aa z 000yb | |
| 200 | 1 | @a林风眠@9lin feng mian@f郎绍君著@Flang shao jun zhu |
| 210 | @a石家庄@c河北教育出版社@d2002 | |
| 215 | @a250页@c照片,图@d21cm | |
| 225 | 2 | @a中国名画家全集@i近现代部分@f郎绍君,张志欣主编 |
| 330 | @a本书主要包括五部分:介绍林风眠生平概述、绘画艺术、论艺摘选、各家评论摘录和年表简编。 | |
| 410 | 0 | @12001 @a近现代部分 |
| 410 | 0 | @12001 @a中国名画家全集 |
| 600 | 0 | @a林风眠@f(1900~1991)@x人物研究 |
| 600 | 0 | @a林风眠@f(1900~1991)@x中国画@x美术批评 |
| 606 | 0 | @a画家@x艺术实践 |
| 690 | @aJ203@v4 | |
| 701 | 0 | @a郎绍君@Alang shao jun@4著 |
| 801 | 0 | @aCN@bNLC@c20051222 |
| 905 | @a10447@dJ203@e281 | |
| 999 | @aHSJ | |
| 林风眠/郎绍君著.-石家庄:河北教育出版社,2002 |
| 250页:照片,图;21cm.-(中国名画家全集.近现代部分/郎绍君,张志欣主编) |
| ISBN 7-5434-4605-7:CNY58.00 |
| 本书主要包括五部分:介绍林风眠生平概述、绘画艺术、论艺摘选、各家评论摘录和年表简编。 |
| ● |
| 相关链接 |
|
|
|
|
正题名:林风眠
索取号:J203/281
 
预约/预借
| 序号 | 登录号 | 条形码 | 馆藏地/架位号 | 状态 | 备注 |
| 1 | 0369445 | 203694458 | 第一样本阅览室/ [索取号:J203/281] | 在馆 | |
| 2 | 0372196 | 203721963 | 第一借阅区/ [索取号:J203/281] | 在馆 |